Logique / (Record no. 25755)

MARC details
000 -LEADER
campo de control de longitud fija 00813nam a2200193 i 4500
001 - NÚMERO DE CONTROL
campo de control 25755
003 - IDENTIFICADOR DE NÚMERO DE CONTROL
campo de control ES-MaACL
005 - FECHA Y HORA DE LA ÚLTIMA TRANSACCIÓN
campo de control 20250805063229.0
007 - CAMPO FIJO DE DESCRIPCIÓN FÍSICA--INFORMACIÓN GENERAL
campo de control de longitud fija t|
008 - DATOS DE LONGITUD FIJA--INFORMACIÓN GENERAL
campo de control de longitud fija 030102s1844 fr ||||1| fre d
100 0# - ENTRADA PRINCIPAL--NOMBRE DE PERSONA
Nombre de persona Aristóteles
9 (RLIN) 22861
245 10 - MENCIÓN DEL TÍTULO
Título Logique /
Mención de responsabilidad, etc. d'Aristóteles ; traduite en français pour la première fois et accompagne de notes perpetuelles par J. Barthelemy Saint Hilaire.
260 ## - PUBLICACIÓN, DISTRIBUCIÓN, ETC.
Lugar de publicación, distribución, etc. París :
Nombre del editor, distribuidor, etc. [s.n.,
Fecha de publicación, distribución, etc. 1844] (
Fabricante H. Fournier et Cie)
300 ## - DESCRIPCIÓN FÍSICA
Extensión 4 v. ;
Dimensiones 23 cm.
505 8# - NOTA DE CONTENIDO CON FORMATO
Nota de contenido con formato Contiene: I. Introduction aux catégories par Porphyre . Catégories . Hermeneia - II. Premiers analytiques - III. Derniers analytiques - IV. Topiques . Réfutations des sophistes.
700 1# - ENTRADA AGREGADA--NOMBRE PERSONAL
Nombre de persona Barthelemy Saint-Hilaire, Jules.
9 (RLIN) 26123
852 ## - LOCALIZACIÓN
Ubicación ES-MaACL
Número de control de estantería F-7886-89
Holdings
Estatus retirado Estado de pérdida Estado de daño No para préstamo Colección Biblioteca de origen Biblioteca actual Ubicación en estantería Fecha de adquisición Fuente de adquisición Total de préstamos Signatura topográfica completa Código de barras Visto por última vez Precio de reemplazo Tipo de ítem Koha
        Libros del s. XIX Biblioteca del Ateneo de Madrid Biblioteca del Ateneo de Madrid Sala Pecera Planta 2 17/01/2008     F-7886-89 1026565 23/02/2023 23/02/2023 Libro impreso antiguo